| 000 | 00000nam##2200000za#4500 |
| 001 | 9.639882 |
| 003 | CaOODSP |
| 005 | 20220328113317 |
| 007 | cr ||||||||||| |
| 008 | 150407|2000||||xxc|||||o f|0| 0 fre|d |
| 040 | |aCaOODSP|bfre |
| 043 | |an-cn--- |
| 086 | 1 |aC2-486/2000-4F-PDF |
| 110 | 1 |aCanada. |bIndustrie Canada. |
| 245 | 10|aRescol canadien - un apprentissage ouvert sur le monde : |h[ressource électronique]|bperfectionnement professionnel |
| 260 | |aOttawa - Ontario : |bIndustrie Canada |cc2000. |
| 300 | |a3p. |
| 500 | |aLe n° de catalogue (C2-486/2000-4) et l'ISBN (0-662-64819-6) de l'édition imprimée bilingue ont été incorrectement copiés dans l'édition électronique. |
| 590 | |a12-14-Supp|b2012-04-10 |
| 691 | 07|aApprentissage|2gcpds |
| 691 | 07|aTechnologie éducative|2gcpds |
| 775 | 08|tCanada's SchoolNet - learning without boundaries : |w(CaOODSP)9.695760 |
| 776 | 0#|tCanada's SchoolNet learning without boundaries : |w(CaOODSP)9.661699 |
| 776 | 0#|tRescol canadien un apprentissage ouvert sur le monde : |w(CaOODSP)9.661700 |
| 856 | 40|ahttp://publications.gc.ca|qPDF|s219 Ko|uhttps://publications.gc.ca/collections/Collection/C2-486-2000-4F.pdf |